<?xml version="1.0" encoding="UTF-8"?>
<record
    xmlns:xsi="http://www.w3.org/2001/XMLSchema-instance"
    xsi:schemaLocation="http://www.loc.gov/MARC21/slim http://www.loc.gov/standards/marcxml/schema/MARC21slim.xsd"
    xmlns="http://www.loc.gov/MARC21/slim">

  <leader>00981nam a2200253 a 4500</leader>
  <controlfield tag="001">83055</controlfield>
  <controlfield tag="003">BD-RjUL</controlfield>
  <controlfield tag="005">20240212115415.0</controlfield>
  <controlfield tag="008">240212s2018    bg a|||| m||| 00| 0 eng d</controlfield>
  <datafield tag="035" ind1=" " ind2=" ">
    <subfield code="a">(BD-RjUL)83055</subfield>
  </datafield>
  <datafield tag="040" ind1=" " ind2=" ">
    <subfield code="a">BD-RjUL</subfield>
    <subfield code="b">eng</subfield>
    <subfield code="c">BD-RjUL</subfield>
    <subfield code="d">BD-RjUL</subfield>
  </datafield>
  <datafield tag="041" ind1=" " ind2=" ">
    <subfield code="a">eng</subfield>
  </datafield>
  <datafield tag="082" ind1=" " ind2=" ">
    <subfield code="2">23</subfield>
    <subfield code="a">333.914</subfield>
    <subfield code="b">RAS 2018</subfield>
  </datafield>
  <datafield tag="100" ind1=" " ind2=" ">
    <subfield code="a">Rahman, Md. Masudar</subfield>
    <subfield code="9">11663</subfield>
  </datafield>
  <datafield tag="245" ind1="1" ind2="0">
    <subfield code="a">Studies of Water Wave Refraction and Wave Energy with Air Bubbles ;</subfield>
    <subfield code="c">Md. Masudar Rahman</subfield>
    <subfield code="6">Supervisor : Ashabul Hoque,Co-Supervisor : Gour Chandra Paul</subfield>
  </datafield>
  <datafield tag="260" ind1=" " ind2=" ">
    <subfield code="a">Rajshahi :</subfield>
    <subfield code="b">Department of Mathematics,University of Rajshahi</subfield>
    <subfield code="c">2018</subfield>
  </datafield>
  <datafield tag="300" ind1=" " ind2=" ">
    <subfield code="a">[1], xi, 81 leaves :</subfield>
    <subfield code="b">ill.;</subfield>
    <subfield code="c">29 cm.</subfield>
  </datafield>
  <datafield tag="502" ind1=" " ind2=" ">
    <subfield code="a">Thesis(M.Phil.)-- Department of Mathematics,University of Rajshahi,2018</subfield>
  </datafield>
  <datafield tag="504" ind1=" " ind2=" ">
    <subfield code="a">References : Leaves 78-81</subfield>
  </datafield>
  <datafield tag="650" ind1=" " ind2=" ">
    <subfield code="a">Water energy</subfield>
    <subfield code="x">Ocean Power Conversion</subfield>
    <subfield code="9">11664</subfield>
  </datafield>
  <datafield tag="700" ind1=" " ind2=" ">
    <subfield code="a">Hoque, Ashabul, Supervisor   </subfield>
    <subfield code="9">11665</subfield>
  </datafield>
  <datafield tag="700" ind1=" " ind2=" ">
    <subfield code="a">Paul, Gour Chandra, Co-Supervisor  </subfield>
    <subfield code="9">6560</subfield>
  </datafield>
  <datafield tag="942" ind1=" " ind2=" ">
    <subfield code="2">ddc</subfield>
    <subfield code="c">THE</subfield>
  </datafield>
  <datafield tag="999" ind1=" " ind2=" ">
    <subfield code="c">83055</subfield>
    <subfield code="d">83055</subfield>
  </datafield>
  <datafield tag="952" ind1=" " ind2=" ">
    <subfield code="1">0</subfield>
    <subfield code="2">ddc</subfield>
    <subfield code="4">0</subfield>
    <subfield code="7">1</subfield>
    <subfield code="8">THESES</subfield>
    <subfield code="a">RUCL</subfield>
    <subfield code="b">RUCL</subfield>
    <subfield code="c">Doc/The</subfield>
    <subfield code="d">2019-05-02</subfield>
    <subfield code="e">Controller of Exam. R.U.</subfield>
    <subfield code="l">0</subfield>
    <subfield code="o">THE 333.914 RAS 2018</subfield>
    <subfield code="p">D4277</subfield>
    <subfield code="r">2024-02-12 00:00:00</subfield>
    <subfield code="t">C-1</subfield>
    <subfield code="y">THE</subfield>
  </datafield>
</record>
